| 000 | 00993nam a2200277Ia 4500 | ||
|---|---|---|---|
| 003 | OSt | ||
| 005 | 20220930085350.0 | ||
| 006 | a|||||r|||| 00| 0 | ||
| 007 | ta | ||
| 008 | 220926b |||||||| |||| 00| 0 eng d | ||
| 024 | _a96069 | ||
| 037 | _cTheses | ||
| 040 |
_aCRL _cCRL _beng |
||
| 041 |
_2eng _aeng |
||
| 100 |
_aKhandelwal Vipin _9540060 |
||
| 110 | _aUniversity of Delhi. Faculty of Medical Sciences. Department of Pediatrics | ||
| 245 | 0 | _aStudy the incidence of ocular toxicity of ethambutol in children (3-15 years) who are on intermittent antio tubercular therapy | |
| 260 | _c2007 | ||
| 650 | _aCHILDREN - DISEASES | ||
| 700 |
_a Dr. G. R. Sethi Gu. _9532627 |
||
| 700 |
_a Dr. J. L. Goyal Gu. _9532948 |
||
| 700 |
_a Dr. M. Juneja Gu. _9537807 |
||
| 700 | _aUniversity of Delhi. Faculty of Medical Sciences. Department of Pediatrics | ||
| 942 |
_cDIS _2CC |
||
| 999 |
_c878787 _d878787 |
||